What's Driving Slovakia's Economic Performance Slowdown

Posúdenie inovačného potenciálu Slovenska v kontexte päťdesiatich najinovatívnejších krajín sveta.

Salvato in:
Dettagli Bibliografici
Autore principale: Fifeková, Elena
Altri autori: Nemcová, Edita, Nežinský, Eduard, 1972-
Natura: Capitolo di libro
Lingua:slovacco
Soggetti:
Tags: Aggiungi Tag
Nessun Tag, puoi essere il primo ad aggiungerne!!

MARC

LEADER 00000naa$a2200000$$$4500
001 0306057
005 20250120081944.6
041 0 |a slo 
044 |a CZ 
245 1 0 |a What's Driving Slovakia's Economic Performance Slowdown  |c Elena Fifeková, Edita Nemcová, Eduard Nežinský 
520 |a Posúdenie inovačného potenciálu Slovenska v kontexte päťdesiatich najinovatívnejších krajín sveta. 
610 2 0 |a Slovensko 
610 2 0 |a inovácie technologické 
610 2 0 |a výkonnosť 
610 2 0 |a výkonnosť ekonomiky 
610 2 0 |a výkonnosť inovačná 
610 2 0 |a analýzy 
610 2 0 |a dáta 
100 1 |a Fifeková, Elena 
700 1 |a Nemcová, Edita 
700 1 |a Nežinský, Eduard, 1972-